01838nam a2200301uu 4500001000800000005001700008008004100025020001800066035001200084040001300096041000800109082000800117100007700125245002400202250001700226260004100243300001900284490002100303505023200324520073700556650003801293650004001331650001901371650001901390650002901409650002401438700007401462151258520260508093208.0181123s2012 spa  a9789871501373 a1512585 ccomduadb aspa 4a36210aMarx, Karl,d1818-18834aut0(isni)00000001227965700(viaf)49228757eaut10aAcerca del suicidio a1. edición aBuenos Aires :bLas Cuarenta,c2012. a132 páginas.0 aAntropografías aCONTENIDO : Estudio introductorio. -- Acerca del suicidio. -- Tabla sobre suicidios en París durante el año 1824. -- El encarcelamiento de Lady Bulwer-Lytton. -- El aumento de la demencia en Gran Bretaña. -- Cronología.3 aEsta es la primera edición castellana de tres textos de Marx: "Acerca del suicidio", "El encarcelamiento de Lady Bulwer-Lytton" y "El aumento de la demencia en Gran Bretaña". Muestran aspectos de la obra marxista relativamente soslayados: la condición de la mujer ante el poder patriarcal, las instituciones disciplinarias de encierro, los enfrentamientos sociales vistos en el seno de la vida cotidiana, la crítica social desarrollada en el ámbito de lo privado. [...] Los tres artículos son muestras de la amplitud y complejidad del proyecto político e intelectual de Marx: este excede con creces a la crítica del movimiento obrero; es un intento de inteligir la sociedad realmente existente en todos sus aspectos. 7aSuicidioxAspectos sociales2lemb aSuicidio - Aspectos socioeconomicos aCritica social 7aDemencia2lemb 7aProblemas sociales2lemb aSuicidio en mujeres10aAbduca, Ricardo4trl0(isni)0000 0003 5980 31690(viaf)220453819etrl